| 000 | 00630nam a2200229 a 4500 | ||
|---|---|---|---|
| 001 | 56990 | ||
| 003 | BD-RjUL | ||
| 005 | 20211209080446.0 | ||
| 008 | 161205s1998 ii ||||| |||| 00| 0 eng d | ||
| 020 | _a9981261181 | ||
| 035 | _a(BD-RjUL)57114 | ||
| 040 |
_aBD-RjUL _beng _cBD-RjUL |
||
| 041 | _aeng | ||
| 082 |
_223 _a297 _bDAL 1998 |
||
| 100 | 1 |
_aDayf , Shawqi _9169365 |
|
| 245 | 1 | 0 |
_aL'universalite de l'Islam / _cShawqi Dayf Traduction by Ahmed Dhimene |
| 260 |
_aIndia : _bISESCO, _c1998 |
||
| 300 |
_a127 p. ; _c25 cm |
||
| 650 |
_aIslam _xUniversality _9169366 |
||
| 700 |
_aDhimene, Ahmed _9169367 |
||
| 942 |
_2ddc _cBK |
||
| 999 |
_c56990 _d56990 |
||